000 003970000a22001210004500
100 1 _aTatis Guerra, Gustavo
245 1 0 _aJorge García Usta : 1960-2005
300 _aVol.0, núm.4 (Enero, 2006), Página 29
500 _aEscritor y periodista.
520 _aEl periodista y gestor cultural falleció el 20 de diciembre de 2005.
773 0 _tArcadia / Andrés Felipe Solano, Editor
942 _cANA
999 _c61739
_d61739